Statistics for US States With Letters Missing

Click here to take the quiz!

General Stats

  • This quiz has been taken 105 times
  • The average score is 17 of 18

Answer Stats

HintAnswer% Correct
V _ R _ G _ N _ AVirginia
100%
M _ S _ I _ S _ P _ IMississippi
96%
N _ V _ D _Nevada
96%
C _ L _ F _ R _ I _California
95%
F _ O _ I _ AFlorida
95%
G _ O _ G _ AGeorgia
95%
H _ W _ I _Hawaii
95%
L _ U _ S _ A _ ALouisiana
95%
U _ A _Utah
95%
D _ L _ W _ R _Delaware
94%
O _ E _ O _Oregon
94%
P _ N _ S _ L _ A _ I _Pennsylvania
94%
C _ L _ R _ D _Colorado
93%
I _ W _Iowa
93%
K _ N _ U _ K _Kentucky
93%
C _ N _ E _ T _ C _ TConnecticut
92%
V _ R _ O _ TVermont
92%
M _ R _ L _ N _Maryland
90%

Score Distribution

Percentile by Number Answered

Percent of People with Each Score

Your Score History

You have not taken this quiz